| 000 | 00943nam a2200289 4500 | ||
|---|---|---|---|
| 999 |
_c22026 _d22026 |
||
| 001 | 1710664 | ||
| 003 | BDDh-ASL | ||
| 005 | 20231015030057.0 | ||
| 008 | 690828s1968 enk b 000 0 eng | ||
| 010 | _a 70402929 | ||
| 015 | _aB69-01888 | ||
| 020 | _a011700068X | ||
| 040 |
_aDLC _cDLC _dDLC _dBDDh-ASL |
||
| 050 | 0 | 0 |
_aHV9647 _b.A5 1968 |
| 082 | 0 | 0 |
_a365.942 _bBRT |
| 110 | 1 |
_aGreat Britain. _bCentral Office of Information. _bReference Division. |
|
| 245 | 1 | 4 | _aThe treatment of offenders in Britain / |
| 260 |
_aLondon : _bH.M.S.O., _c1968. |
||
| 300 |
_a[3], 34 p. : _c24 cm. |
||
| 350 | _a4/- | ||
| 490 | 1 | _aCentral Office of Information reference pamphlet 35 | |
| 504 | _aBibliography: p. 33-34. | ||
| 650 | 0 |
_aPrisons _zGreat Britain. |
|
| 810 | 1 |
_aGreat Britain. _bCentral Office of Information. _bReference Division. _tReference pamphlet _v35 |
|
| 906 |
_a7 _bcbc _corignew _du _encip _f19 _gy-gencatlg |
||
| 942 |
_2ddc _cBK |
||